IMAGO

Gespeichert in:
Bibliographische Detailangaben
Späterer Titel:Fotonoviny
Format: Schriftenreihe
Sprache:Englisch
Veröffentlicht: Bratislava : FOTOFO
Schlagworte:
ISSN:1335-1362, 1337-6454
Online-Zugang: Volltext
Tags: Tag hinzufügen
Keine Tags, Fügen Sie den ersten Tag hinzu!

MARC

LEADER 00000nas a2200000 4500
003 SK-BrCVT
005 20250116123418.0
008 060515d199u2007xo e b eng
022 |a 1335-1362 
035 |a CVTIDW1283797 
040 |b slo  |a BA002  |e AACR2  |c CVT  |d CVT 
041 0 |a eng 
044 |a xo  |c SK 
080 |a 77(05)  |2 UDC-MRF 
080 |a 77.03/.08  |2 UDC-MRF 
245 1 0 |a IMAGO 
260 |a Bratislava :  |b FOTOFO 
310 |a Polročne 
500 |a Vo fonde od roku:2004 
500 |a Od r. 2007 zanikol. 
653 1 |a fotografia  |a umenie  |a umelecká fotografia  |a výstava  |a fotograf  |a reportér 
655 4 |a časopisy  |9 34804 
785 0 0 |t Fotonoviny  |x 1337-6454 
856 4 |u http://www.sedf.sk/default.aspx?c=23 
910 |b C8516 
942 |2 udc  |c 15 
999 |c 171746  |d 171746 
974 |b Soňa Beutelhauserová